Personnages Disney/Pixar en images - B - Statistiques

Statistiques générales
  • Ce quiz a été pris 1 233 fois
  • Le résultat moyen est 12 sur 20
Statistiques - réponses
Par images Réponse % Correct
Bambi
100%
Blanche-Neige
99%
Buzz l'Éclair
96%
Belle
95%
Baloo
88%
Bianca
87%
Bernard
81%
Bourriquet
76%
Boo
73%
Bruno Madrigal
66%
Berlioz
59%
Big Ben
52%
Baymax
45%
Basil
42%
Bing Bong
41%
Bruce
33%
Bogo
22%
Bailey
11%
Bobby
8%
Barley Lightfoot
6%
Aucun quiz correspondant
Distribution des résultats
% des personnes avec chaque résultat
Percentile par nombre de réponses
Votre historique - résultats
Vous n’avez pas pris ce quiz